1255 1571 1641 1585 1472 1009 1811 1063 1579 1729 1612 1263 1761 1202 1377 1790 1852 1153 1628 1146 1944 1464 1023 1370 1678 1907 1474 1939 1288 1315 1685 1298 1466 1028 1189 1194 1330 1888 1186 1957 1356 1153 1032 1065 1233 1987 1486 1455 1735 1046 1658 1058 1898 1341 1203 1948 1160 1390 1193 1513 1836 1345 1784 1274 1283 1444 1560 1929 1448 1542 1567 1211 1590 1920 1057 1210 1933 1215 1355 1234 1809 1580 1180 1827 1778 1280 1857 1072 1093 1230 1424 1043 1996 1071 1747 1990 1985 1925 1078 BCNSPRNW ULIB Ver.6.0+V

เปลี่ยนเป็นภาษาไทย

Change to English
 แสดงรายละเอียดบรรณานุกรม
  กลับหน้าหลัก

Brief Record : Get Marc (ISO 2709) : E-mail record : QR code < ปิดหน้าต่าง
LEADER : 00000nam 2200000uu 4500
001    13399109527
003     ULIB
008    110404s2552||||th 000 0 tha d
020    9744653574
060 04 WB310^bก389ค
245 00 คู่มือประชาชนในการดูแลสุขภาพด้วยการแพทย์แผนไทย /^cกลุ่มงานพัฒนาวิชาการแพทย์แผนไทยและสมุนไพร สถาบันการแพทย์แผนไทย กรมพัฒนาการแพทย์แผนไทยและการแพทย์ทางเลือก กระทรวงสาธารณสุข; บรรณาธิการ, กันทิมา สิทธิธัญกิจ, พรทิพย์ เติมวิเศษ
250    พิมพ์ครั้งที่ 1
260    กรุงเทพฯ :^bโรงพิมพ์องค์การสงเคราะห์ทหารผ่านศึก,^c2552
300    ก-ฉ, 302 หน้า :^bภาพประกอบสี ;^c31 ซม.
504    บรรณานุกรม
650  7 การแพทย์แผนไทย
650  7 ยาสมุนไพร
650  7 การดูแลตนเอง
650  7 การดูแลภายหลังคลอด
650  7 โยคะ
650  7 เครื่องดื่มสมุนไพร
700 0  กันทิมา สิทธิธัญกิจ,^eบรรณาธิการ
700 0  พรทิพย์ เติมวิเศษ,^eบรรณาธิการ
710 2  สถาบันการแพทย์แผนไทย
710 2  กรมพัฒนาการแพทย์แผนไทยและการแพทย์ทางเลือก.^bสถาบันการแพทย์แผนไทย
945    ^p450^l0^i028790
945    ^p450^l0^i028789
945    ^p450^l0^i033183
995    ทศพร
999 ^a ใช้งานได้ทุกระบบ
รายการนี้ยังไม่มีแท็ก
คุณยังไม่ได้ล็อกอิน คุณสามารถมีกิจกรรมร่วมกับเว็บไซต์ได้ แต่ต้องล็อกอินก่อน ::
  ล็อกอิน

รายการสื่อสารสนเทศ

ลำดับที่ ประเภท เลขเรียก/บาร์โค้ด สถานที่ สถานะ
1. วิทยาศาสตร์การแพทย์ และสุขภาพ
วิทยาศาสตร์การแพทย์ และสุขภาพ
WB310 ก389ค ฉ.3 
  Barcode: 033183
ห้องสมุดวิทยาเขตสวรรค์ประชารักษ์
►หนังสือทั่วไป
บนชั้น

รายการใกล้เคียง
    หัวเรื่อง [การแพทย์แผนไทย]
    หัวเรื่อง [ยาสมุนไพร]
    หัวเรื่อง [การดูแลตนเอง]
    หัวเรื่อง [การดูแลภายหลังคลอด]
    หัวเรื่อง [โยคะ]
    หัวเรื่อง [เครื่องดื่มสมุนไพร]

BibComment


ยังไม่เคยถูกคอมเมนท์

คอมเมนท์ทรัพยากรรายการนี้
  คอมเมนท์: คู่มือประชาชนในกา..


 Copyright 2026. Bcnsprnw @Library